000 00943nam a2200229 a 4500
001 39306
003 BD-RjUL
005 20211209052949.0
008 160407b2015 b a|||| |||| 00| 0 ben d
020 _a9789849120338
_ctk. 350.00
035 _a(BD-RjUL)39419
040 _aBD-RjUL
_bben
_cBD-RjUL
041 _aben
082 _223
_a954.9205082
_bNAR 2015
245 _aনারী ১৯৭১ : নীর্যাতিত ও প্রত্যক্ষদর্শীদের সাক্ষাৎকার /
_cসম্পাদক রাশেদুর রহমান
260 _aঢাকা :
_bপ্রথমা প্রকাশন ;
_c২০১৫.
300 _a২৫৬ পৃ. :
_bচিত্র. ;
_c২১ সেমি.
650 _aমুক্তিযুদ্ধ
_xনারী
_9121168
650 _aLibaration War
_xWomen
_9121169
700 _aরহমান, রাশেদুর
_9121170
942 _2ddc
_cBK
999 _c39306
_d39306